• 首页
  • 本馆介绍
  • 公告通知
  • 最新文献
  • 馆藏检索
  • 电子资源
  • 读者导购
  • 参考咨询
  • 我的图书馆
  • 登录
  • 详细信息显示
  • 放入我的书架
  • 预约/预借图书
  • 作者相关作品
  • 分类相关作品
  • 丛书相关作品
  • 出版社相关作品

书目信息

  • 表格格式
  • 工作单格式
  • 卡片格式
题名:
肉羊饲养新技术
    
 
作者: 旭日干
分册:  
出版信息: 北京   中国农业科学技术出版社  2013
页数: 161
开本: 26cm
丛书名:
单 册:
中图分类: S82
科图分类:
主题词: 家畜
电子资源:
ISBN: 7-5116-1267-0
000 00529nam0 2200181 450
001 1735965424
005 20170410095925.42
010    @a7-5116-1267-0@d¥42.00
100    @a20170410d km y0chiy0120 ea
101 0  @achi
200 1  @a肉羊饲养新技术@Arou yang si yang xin ji shu@f旭日干等@Fxu ri gan deng
210    @a北京@c中国农业科学技术出版社@d2013
215    @a161@d26cm
606 0  @a家畜
690    @aS82@v4
701  0 @a旭日干@Axu ri gan
801  0 @aCN@b大连网信软件有限公司图书馆·11@c20170410
905    @b6604900@dS82@en6@f1
    
    肉羊饲养新技术/旭日干等.-北京:中国农业科学技术出版社,2013
    161;26cm
    
    
    ISBN 7-5116-1267-0:¥42.00
    
●
相关链接 在E读中查询图书 在五车中查询图书 在当当中查询图书 在豆瓣中查询图书


正题名:肉羊饲养新技术     索取号:S82/n6         预约/预借

序号 登录号 条形码 馆藏地/架位号 状态 备注
1 6604900   266049000   生命科学系资料室/ [索取号:S82/n6] 在馆    
唐山师范学院图书馆 欢迎您!
大连网信软件有限公司© 版权所有